Histoire du drapeau de la Slovénie - Statistiques

Statistiques générales
  • Ce quiz a été pris 75 fois
  • Le résultat moyen est 6 sur 12
Statistiques - réponses
Hint Réponse % Correct
Empire romain (-20 - 395)
93%
Empire Byzantin (395-945)
93%
Occupation italienne pendant le seconde guerre mondiale (1943-1945)
79%
Premier empire français (1803-1813)
79%
Slovénie (drapeau actuel depuis 1991)
77%
République socialiste de Yougoslavie (1945-1991)
67%
Marche de Carniole (1040-1364)
37%
Royaume des Serbes, Croates et Slovènes (1918-1929) et Royaume de Yougoslavie (1929-1943)
35%
Duché de Carinthie (976-1040)
28%
État des Slovènes, Croates et Serbes (1918)
19%
Saint-empire romain germanique (962-976)
7%
Duché de Carniole (1364-1803 et 1813-1918)
7%
Aucun quiz correspondant
Distribution des résultats
% des personnes avec chaque résultat
Percentile par nombre de réponses
Votre historique - résultats
Vous n’avez pas pris ce quiz